000 00266nam a2200133Ia 4500
100 _aMorris/N.M
250 _a3
942 _cBK
654 _acontrol
245 _aControl Engineering
260 _bMcGraw Hill
_aLondon
_c1983
300 _a255
546 _aENGLISH
999 _c21960
_d21960